| 000 | 00497nam a2200193Ia 4500 | ||
|---|---|---|---|
| 008 | 170918s9999 xx 000 0 und d | ||
| 020 | _a9780439748698 | ||
| 050 | _bK156 2006 | ||
| 100 | _aKamma, Anne | ||
| 245 | _aIf you lived when women won their rights / | ||
| 245 | _cAnne Kamma ; illustrated by Pamela Johnson. | ||
| 260 | _aNew York : | ||
| 260 | _bScholastic, | ||
| 260 | _c2006 | ||
| 300 | _a64 pages : | ||
| 300 | _bcolored illustration ; | ||
| 300 | _c19cm. | ||
| 500 | _a750 | ||
| 999 |
_c341935 _d341935 |
||